000 01086nam a2200349 c 4500
001 16003
003 ES-MaCES
005 20250203132347.0
008 040123s2003 sp t o000 | spa d
017 _aM 54143-2003
_bDL
020 _a8481881988
035 _aCES20040000730m
040 _aES-MaCES
_bspa
_cES-MaCES
245 0 4 _aLos Consejos Económicos y Sociales de España
_b: [normativa reguladora]
250 _aEd. cerrada a 20 de nov. de 2003
260 _aMadrid
_bConsejo Económico y Social del Reino de España
_c2003
300 _a458 p.
_c24 cm
500 _aSubtít. tomado de la cub
500 _aÍndices
541 _cGratuito
650 4 _aConsejos Económicos y Sociales
_930859
650 4 _aEspaña
_926964
650 4 _aComunidades Autónomas
_930768
650 4 _alegislación
_927153
650 4 _areglamento
_927154
650 4 _atexto
_929624
653 1 0 _aLegislación
710 2 _aConsejo Económico y Social (España)
_eed.
_92408
902 _aLIB Libro
942 _2CES
_cBK
_h6.1.
999 _c16003
_d16003